00621nam a2200181Ia 4500008004100000100002300041245008900064245006500153260003900218260000900257300002900266440004300295650001300338650002200351650001700373650001500390856003400405190511s9999 xx 000 0 und d aPeterson, Sarah J. aPersonality and learning predictors of adolescent alcohol consumption trajectories / cSarah J. Peterson, Heather A. Davis, and Gregory T. Smith.-- bAmerican Psychological Association c2018 aPages 482-495, July 2018 aJournal of Abnormal Psychologyv127(5) aDrinking aEarly adolescence aLongitudinal aTrajectory uwww.apa.org/pubs/journals/abn